000 00486nam a2200193Ia 4500
003 IIN
005 20250530125529.0
008 231217s9999 xx 000 0 und d
020 _cRs.650.00
_a9788123926476
040 _aIIN
_bEnglish
082 _a610.7362
_bSIN
100 1 _aSingh, Meharban
245 1 _aPediatric Clinical Methods/
_cMeharban Singh
250 _a5th ed
260 _bCBS ,
_aNew Delhi :
_c2018
300 _axvii, 375p.
650 1 _aPediatric
942 _cBOOK
999 _c1460
_d1460